The Saber-Tooth Curriculum. (Record no. 5202)

MARC details
000 -LEADER
fixed length control field 00534nam a22002057a 4500
003 - CONTROL NUMBER IDENTIFIER
control field OSt
005 - DATE AND TIME OF LATEST TRANSACTION
control field 20160914134322.0
008 - FIXED-LENGTH DATA ELEMENTS--GENERAL INFORMATION
fixed length control field 160914b xxu||||| |||| 00| 0 eng d
020 ## - INTERNATIONAL STANDARD BOOK NUMBER
International Standard Book Number 0071422889
040 ## - CATALOGING SOURCE
Transcribing agency DDC.
082 ## - DEWEY DECIMAL CLASSIFICATION NUMBER
Classification number 375.05PED 2004
100 ## - MAIN ENTRY--PERSONAL NAME
Personal name Peddiwell,J.Abner;
9 (RLIN) 11060
245 ## - TITLE STATEMENT
Title The Saber-Tooth Curriculum.
250 ## - EDITION STATEMENT
Edition statement Classic Edition.
260 ## - PUBLICATION, DISTRIBUTION, ETC. (IMPRINT)
Place of publication, distribution, etc. New York.
Name of publisher, distributor, etc. McGraw-Hill.
Date of publication, distribution, etc. 2004.
300 ## - PHYSICAL DESCRIPTION
Extent xiii,182p;
Other physical details ill.
Dimensions 16cm
504 ## - BIBLIOGRAPHY, ETC. NOTE
Bibliography, etc includes bibliography
650 ## - SUBJECT ADDED ENTRY--TOPICAL TERM
Topical term or geographic name as entry element Education
9 (RLIN) 1404
942 ## - ADDED ENTRY ELEMENTS (KOHA)
Source of classification or shelving scheme Dewey Decimal Classification
Koha item type Open Shelf
Holdings
Withdrawn status Lost status Source of classification or shelving scheme Damaged status Not for loan Home library Current library Date acquired Source of acquisition Inventory number Total Checkouts Full call number Barcode Date last seen Date last checked out Price effective from Koha item type
    Dewey Decimal Classification     MUST Main Library MUST Main Library 14/09/2016   06/26653 1 375.05PED 2004 2016-4183 27/09/2016 14/09/2016 14/09/2016 Open Shelf